Statistics for Countries that Start with B - Shape Quiz

Click here to take the quiz!

General Stats

  • This quiz has been taken 1,005 times
    (352 since last reset)
  • The average score is 12 of 17

Answer Stats

Country % Correct
Brazil
97%
Bahamas
92%
Bangladesh
90%
Benin
87%
Belgium
76%
Bolivia
76%
Bosnia and Herzegovina
74%
Botswana
72%
Belarus
72%
Bulgaria
70%
Belize
67%
Brunei
64%
Burkina Faso
63%
Bahrain
61%
Barbados
60%
Burundi
56%
Bhutan
54%

Score Distribution

Percentile by Number Answered

Percent of People with Each Score

Your Score History

You have not taken this quiz since the last reset